=LDR 00000nam 2200000 4500 =001 INLIS000000000053779 =005 20190207021220 =035 ##$$a 0010-0219000036 =007 ta =008 190207###########################0###### =082 ##$$a 372.4 =084 ##$$a 372.4 NOV p =100 #$$a Novia Maulidya =245 1#$$a Pintar Menulis Huruf /$c Novia Maulidya =260 ##$$a Surabaya :$b Global Mandiri,$c [sa] =300 ##$$a 32 hl. : $b ilus. ; $c 22 Cm. =650 ##$$a Pendidikan Dasar-Menulis =990 ##$$a 02260226 =990 ##$$a 31800202